000 01168nam a2200349 i 4500
001 16626
003 ES-MaACL
005 20250822035244.0
007 t|
008 001020s1991 sp ||||0| spa d
016 7 _zCEN920138376
020 _a84-7509-708-1
040 _aM-BN
_bspa
_cCEN
080 _a929 Goffman, Erving
080 _a316.6
100 1 _aGoffman, Erving.
_957590
245 1 4 _aLos momentos y sus hombres /
_cErving Goffman ; textos seleccionados y presentados por Yves Winkin ; [traducción de Eloy Fuente Herrero (todo excepto texto 6),Luis Botella (texto 6)].
250 _a[1ª ed. ].
260 _aBarcelona :
_bPaidós,
_c1991.
300 _a231 p. :
_bfot. ;
_c22 cm.
490 1 _aPaidós comunicación ;
_v46
504 _aBibliografía : p. 215-221.
600 1 4 _aGoffman, Erving-
_xBiografías.
_957591
650 1 7 _aPsicología social
_2embne
_916573
700 1 _aWinkin, Yves.
_9117085
700 1 _aBotella, Luis.
_930748
700 1 _aFuente Herrero, Eloy.
_952867
830 0 _aPaidós comunicación ;
_v46
_9177927
852 _aES-MaACL
_jL-23854
_bR.128780
999 _c16626
_d16626